Normal view
MARC view
- Lesurf, J. C. G
Entry Personal Name
001 - CONTROL NUMBER
- control field: 94012
003 - CONTROL NUMBER IDENTIFIER
- control field: NUST
005 - DATE AND TIME OF LATEST TRANSACTION
- control field: 20220720110310.0
008 - FIXED-LENGTH DATA ELEMENTS
- fixed length control field: 220720|| aca||aabn | a|a d
040 ## - CATALOGING SOURCE
- Original cataloging agency: NUST
- Transcribing agency: NUST
100 ## - HEADING--PERSONAL NAME
- Personal name: Lesurf, J. C. G
670 ## - SOURCE DATA FOUND
- Source citation: Work cat.: (NUST)190909: Lesurf, J. C. G., Information and measurement /, 1995.
